000 01223cam a2200361 4500
008 020517n2002 000 0 eng u
020 _a0727730401
035 _a(Sirsi) u118012
041 _aeng.
050 _a658.15969
100 _aMerna, T.
245 _aFinancing infrastructure projects
260 _aLondon
_bThomas Telford
_c2002
300 _axix,280p.
_c24cm.
350 _a30
490 _aConstruction Management
520 _aAimed at individuals and organisations involved in the procurement of projects and in the financial aspects of infrastructure, this title provides engineers, project managers and planners with useful information on the commercial aspects of infrastructure projects.
650 _aINFRASTRUCTURE PROJECTS
650 _aMANAGEMENT-PROJECT MANAGEMENT
650 _aFINANCIAL MANAGEMENT
650 _aProcurement-old
650 _aPUBLIC PRIVATE PARTNERSHIPS
650 _aPRIVATE FINANCE INITIATIVE
650 _aPROJECT FINANCE
650 _aPUBLIC FINANCE
650 _aFINANCIAL MARKETS
650 _aFINANCIAL INSTITUTIONS
650 _aInsurance
_96249
650 _aBONDING
690 _aBUILT ENVIRONMENT
700 _aNjiru, C.
942 _n0
999 _c102085
_d102085